Biblioteca y Centro de Documentación

La televisión por cable en América y Europa (Registro nro. 2395)

Detalles MARC
000 -CABECERA
Longitud fija campo de control 01330nam a2200385 c 4500
001 - NÚMERO DE CONTROL
Número de control 2395
003 - IDENTIFICADOR DE NÚMERO DE CONTROL
Identificador del número de control ES-MaCES
005 - FECHA Y HORA DE LA ÚLTIMA TRANSACCIÓN
Fecha y hora de la última transacción 20150923144039.0
008 - CAMPO FIJO DE DESCRIPCIÓN FIJA--INFORMACIÓN GENERAL
Códigos de información de longitud fija   941124s1986 sp ||| | spa d
017 ## - NÚMERO DE REGISTRO DE DERECHOS DE AUTOR Y DEPÓSITO LEGAL
Número de copyright o de depósito legal M. 27.818-1986
Agencia que asigna el número DL
020 ## - ISBN (INTERNATIONAL STANDARD BOOK NUMBER)
Número Internacional Normalizado para Libros (ISBN) 8486094194
035 ## - NÚMERO DE CONTROL DEL SISTEMA
Número de control del sistema CES19980024141m
040 ## - FUENTE DE CATALOGACIÓN
Centro catalogador de origen ES-MaCES
Lengua de catalogación spa
Centro transcriptor ES-MaCES
100 1# - ENCABEZAMIENTO PRINCIPAL--NOMBRE PERSONAL
Nombre de persona López-Escobar, Esteban
9 (RLIN) 16887
245 13 - MENCIÓN DE TÍTULO
Título La televisión por cable en América y Europa
Mención de responsabilidad, etc. Esteban López-Escobar, Claude-Jean Bertrand
260 ## - PUBLICACIÓN, DISTRIBUCIÓN, ETC (PIE DE IMPRENTA)
Lugar de publicación, distribución, etc. Madrid
Nombre del editor, distribuidor, etc. Fundación para el Desarrollo de la Función Social de las Comunicaciones
Fecha de publicación, distribución, etc. D.L. 1986
300 ## - DESCRIPCIÓN FÍSICA
Extensión 214 p.
Dimensiones 24 cm
490 1# - MENCIÓN DE SERIE
Mención de serie Colección Estudios y documentos
500 ## - NOTA GENERAL
Nota general En la port., además: Los libros de Fundesco
504 ## - NOTA DE BIBLIOGRAFÍA, ETC.
Nota de bibliografía, etc. Bibliografía: p. 206-210
541 ## - NOTA DE LA FUENTE INMEDIANTE DE ADQUISICIÓN
Forma de adquisición Gratuito
650 #4 - ASIENTO SECUNDARIO DE MATERIA--TÉRMINO DE MATERIA
Término de materia o nombre geográfico como elemento inicial televisión
9 (RLIN) 27887
650 #4 - ASIENTO SECUNDARIO DE MATERIA--TÉRMINO DE MATERIA
Término de materia o nombre geográfico como elemento inicial satélite de comunicaciones
9 (RLIN) 27874
650 #4 - ASIENTO SECUNDARIO DE MATERIA--TÉRMINO DE MATERIA
Término de materia o nombre geográfico como elemento inicial política de las telecomunicaciones
9 (RLIN) 30438
650 #4 - ASIENTO SECUNDARIO DE MATERIA--TÉRMINO DE MATERIA
Término de materia o nombre geográfico como elemento inicial América del Norte
9 (RLIN) 26888
650 #4 - ASIENTO SECUNDARIO DE MATERIA--TÉRMINO DE MATERIA
Término de materia o nombre geográfico como elemento inicial comparación
9 (RLIN) 28892
653 10 - TÉRMINO DE INDEXACIÓN--NO CONTROLADO
Término no controlado Transporte-Comunicaciones
650 #4 - ASIENTO SECUNDARIO DE MATERIA--TÉRMINO DE MATERIA
9 (RLIN) 26970
Término de materia o nombre geográfico como elemento inicial Europa Occidental
700 1# - ENCABEZAMIENTO SECUNDARIO--NOMBRE PERSONAL
Nombre de persona Bertrand, Claude-Jean
9 (RLIN) 7672
710 2# - ENCABEZAMIENTO SECUNDARIO--NOMBRE CORPORATIVO
Nombre de entidad o nombre de jurisdicción como elemento inicial Fundesco
Término indicativo de función ed.
9 (RLIN) 3928
830 #0 - ENCABEZAMIENTO SECUNDARIO DE COLECCIÓN--TÍTULO UNIFORME
Título uniforme Colección Estudios y documentos
9 (RLIN) 32465
902 ## - CES. TIPO DE DOCUMENTO
Tipodoc (006$c Sirtex) LIB Libro
942 ## - ELEMENTOS KOHA
Fuente de clasificaión o esquema Clasificación propia del CES
Koha [por defecto] tipo de item Monografías
Parte de clasificación 5.2.
Existencias
Número de registro Signatura completa Tipo de item de Koha
007162 DPT-860 Monografías
© CES, Consejo Económico y Social de España 2021